000 00534nam a2200205Ia 4500
005 20250508165132.0
008 008 250505s9999 xx 000 0 eng d
020 _a978-81-89524-62-3
037 _aTextual
040 _aFEDL
_beng
_cFEDL
041 _aeng
_2eng
084 _a306.3, RUD
_qFEDL
100 _aRudra Ashok
245 0 _aAgainst feudalism
260 _aNew Delhi, India
_bCritical Quest
_c2011
300 _a32p.
365 _aINR
_b25.4
942 _cTEXL
_h306.3, RUD
999 _c1393353
_d1393353